000 00464nam a2200169 a 4500
001 4017
005 20140414131948.0
008 040603s19uu xx 00 eng d
020 _a0-02-181655-7
050 _aTR 372.6
_bWr93 1997
245 _aWriting and language handbook :
_bgrade 1.
260 _aNew York :
_bMacmillan / McGraw-Hill,
_c1997.
300 _a48 p. : ill. ; cm.
650 _aWriting
_xStudy and teaching.
999 _c112729
_d112729